La Estomatología / (Record no. 826)

MARC details
000 -LEADER
campo de control de longitud fija 00607nas a2200229 i 4500
001 - NÚMERO DE CONTROL
campo de control 826
003 - IDENTIFICADOR DE NÚMERO DE CONTROL
campo de control ES-MaACL
005 - FECHA Y HORA DE LA ÚLTIMA TRANSACCIÓN
campo de control 20250217133943.0
007 - CAMPO FIJO DE DESCRIPCIÓN FÍSICA--INFORMACIÓN GENERAL
campo de control de longitud fija t|
008 - DATOS DE LONGITUD FIJA--INFORMACIÓN GENERAL
campo de control de longitud fija 950801d1906 sp mr m | 1 |spa d
022 ## - NÚMERO INTERNACIONAL NORMALIZADO PARA PUBLICACIONES SERIADAS
Número Internacional Normalizado para Publicaciones Seriadas 1133-4460
080 ## - NÚMERO DE LA CLASIFICACIÓN DECIMAL UNIVERSAL
Número de la Clasificación Decimal Universal 616.31
245 03 - MENCIÓN DEL TÍTULO
Título La Estomatología /
Mención de responsabilidad, etc. dir., L. García Orive.
260 ## - PUBLICACIÓN, DISTRIBUCIÓN, ETC.
Lugar de publicación, distribución, etc. Madrid :
Nombre del editor, distribuidor, etc. [s.n.],
Fecha de publicación, distribución, etc. [1906-] (
Lugar de fabricación/manufactura Bilbao :
Fabricante Imp. Miguel Aldama)
300 ## - DESCRIPCIÓN FÍSICA
Extensión v ;
Dimensiones 24 cm.
310 ## - PERIODICIDAD ACTUAL
Periodicidad actual Mensual
650 #4 - PUNTO DE ACCESO ADICIONAL DE MATERIA--TÉRMINO DE MATERIA
Término de materia o nombre geográfico como elemento de entrada Estomatología.
9 (RLIN) 12557
700 1# - ENTRADA AGREGADA--NOMBRE PERSONAL
Nombre de persona García Orive, L,
Término indicativo de función/relación
9 (RLIN) 227528
852 4# - LOCALIZACIÓN
Ubicación ES-MaACL
Número de control de estantería G-8871-72
866 #1 - MENCIÓN TEXTUAL DE FONDOS--UNIDAD BIBLIOGRÁFICA BÁSICA
Fondos 1907-08
Holdings
Estatus retirado Estado de pérdida Estado de daño No para préstamo Colección Biblioteca de origen Biblioteca actual Ubicación en estantería Fecha de adquisición Fuente de adquisición Total de préstamos Signatura topográfica completa Código de barras Visto por última vez Precio de reemplazo Tipo de ítem Koha
        Periódicos y Revistas Biblioteca del Ateneo de Madrid Biblioteca del Ateneo de Madrid Sala Pecera Planta 3 17/01/2008     G-8871-72 1000841 23/02/2023 23/02/2023 Revista